LEADER 01210nam a2200313 i 4500 001 991001682969707536 008 060612s2006 enka b 001 0 eng d 020 $a0854042067 035 $ab13410672-39ule_inst 040 $aDi.S.Te.B.A.$beng 082 0 $a628$222 245 00$aChemicals in the environment :$bassessing and managing risk 260 $aCambridge :$bRoyal Society of Chemistry,$cc2006 300 $axiv, 158 p. :$bill. ;$c24 cm 440 0$aIssues in environmental science and technology,$x1350-7583 ;$v22 500 $a"Editors [of series], R. E. Hester and R. M. Harrison" 504 $aIncludes bibliographical references and index 650 0$aEnvironmental risk assessment 650 0$aRisk management 650 0$aEnvironmental impact analysis 700 1 $aHester, R. E. 700 1 $aHarrison, Roy M. 710 2 $aRoyal Society of Chemistry 907 $a.b13410672$b05-02-07$c12-06-06 912 $a991001682969707536 945 $aLE003 628 HES01.01 (2006)$g1$i2003000092158$lle003$op$pE77.04$q-$rl$s- $t0$u0$v0$w0$x0$y.i14282951$z29-08-06 996 $aChemicals in the environment$91091206 997 $aUNISALENTO 998 $ale003$b12-06-06$cm$da $e-$feng$genk$h0$i0 LEADER 02261nam 22006491 450 001 9910954392103321 005 20190122164142.0 010 $a9781474293341 010 $a1474293344 010 $a9781474281164 010 $a1474281168 024 7 $a10.5040/9781474293341 035 $a(CKB)3710000000840901 035 $a(EBL)4653880 035 $a(Au-PeEL)EBL4653880 035 $a(CaPaEBR)ebr11251395 035 $a(CaONFJC)MIL950264 035 $a(OCoLC)957655749 035 $a(OCoLC)1089419872 035 $a(UtOrBLW)bpp09262792 035 $a(UtOrBLW)BP9781474293341BC 035 $a(Perlego)808625 035 $a(MiAaPQ)EBC4653880 035 $a(EXLCZ)993710000000840901 100 $a20180205d2018 uy 0 101 0 $aeng 135 $aur|n|---||||| 181 $2rdacontent 182 $2rdamedia 183 $2rdacarrier 200 00$aCalling time $ereligion and change at the turn of the millennium /$fedited by Martyn Percy 210 1$aLondon :$cBloomsbury Publishing,$d2018. 215 $a1 online resource (274 p.) 225 0 $aReligious studies : Bloomsbury Academic collections 300 $aIncludes index. 311 08$a9781474281157 311 08$a147428115X 311 08$a9781841270630 311 08$a1841270636 320 $aIncludes bibliographical references and index. 327 $aPart 1. Religion and time -- Part 2. Religion and change. 330 $a"This collection of essays examines responses to the Millennium and whether or not the year 2000 could be claimed as a specifically Christian time. It also considers how other religions reacted to the moment and what millennial celebrations reveal about religion in a secular age."--Bloomsbury Publishing. 410 0$aBloomsbury academic collections.$pReligious studies.$pComparative religion. 606 $aChange$xReligious aspects 606 $aTime$xReligious aspects 606 $2Comparative religion 615 0$aChange$xReligious aspects. 615 0$aTime$xReligious aspects. 676 $a261.2 676 $a200.905 702 $aPercy$b Martyn 801 0$bUtOrBLW 801 1$bUtOrBLW 906 $aBOOK 912 $a9910954392103321 996 $aCalling time$94471085 997 $aUNINA